000 00563cam a2200181 a 4500
001 000001932
005 20200929145748.0
008 821203s1961 it a b 001 0 ita
040 _aDO-SdBNP
_bspa
_dBNPHU
082 _a709
_bB577a
100 1 _aBianchi Bandinelli, Ranuccio,
_d1900-1975.
_96265
245 1 0 _aArcheologia e cultura /
_cRanuccio Bianchi Bandinelli.
260 _aMilano ;
_aNápoli :
_bRiccardo Ricciardi,
_c1961.
300 _a467 p. :
_bil. ;
_c23 cm.
650 4 _aArte griego
_92385
650 4 _aArte romano
_96266
650 4 _aAntigüedades
_96267
999 _c1798
_d1798